[Event "Mumbai Mayors Cup 1st"]
[Site "Mumbai"]
[Date "2008.05.11"]
[Round "1"]
[White "Gokhale, Chandrashekhar"]
[Black "Chandi, Sachin"]
[Result "1-0"]
[WhiteElo "2321"]
[BlackElo "1732"]
[PlyCount "75"]
[EventDate "2008.05.11"]
[EventType "swiss"]
[EventRounds "11"]
[EventCountry "IND"]
[SourceTitle "CBM 124 Extra"]
[Source "ChessBase"]
[SourceDate "2008.07.03"]
[SourceVersion "1"]
[SourceVersionDate "2008.07.03"]
[SourceQuality "1"]

1. d4 d5 2. c4 c6 3. Nf3 Nf6 4. Qc2 g6 5. g3 Bg7 6. Bg2 a6 7. 0-0 0-0 8. a4 Bf5 9. Qb3 Ra7 10. Bf4 dxc4 11. Qxc4 Nbd7 12. a5 Nd5 13. Nc3 Be6 14. Qd3 Nxf4 15. gxf4 Qc7 16. e3 Raa8 17. Rfc1 Rad8 18. Ng5 Bf5 19. Qc4 Nf6 20. b4 h6 21. Nf3 Qd6 22. Ne5 Be6 23. Qe2 Bc8 24. Nc4 Qe6 25. Nb6 Qd6 26. Nca4 Qxb4 27. Nc5 Nd5 28. Rcb1 Nc3 29. Qe1 Qxb1 30. Rxb1 Nxb1 31. Qxb1 Bf5 32. Qb4 e5 33. fxe5 Bxe5 34. Nxb7 c5 35. Qxc5 Rc8 36. dxe5 Rxc5 37. Nxc5 Bc8 38. Bf1 1-0